000 00967nam a2200277 a 4500
001 BRCA_954
005 20190320203224.0
008 931110s1988 mx-a---##b---#000-0#spa-d
020 _a9686292004
040 _aMH-SD
_cMH-SD
_dDLC
050 4 _aHD1471.M4
_b.H33 1988
245 1 0 _aHaciendas herencia mexicana
_ceditor Mario de la Torre ; fotografia Daniel Nierman ; textos Elena Horz de Vía, Francisco Pérez de Salazar.
260 _aMéxico
_bGrupo Aluminio
_c1988
300 _a156 p.
_bil. a color, mapas
_c30 cm.
500 _aIncluye glosario
504 _aBibliografía: p. 155
650 1 4 _aHaciendas
_zMéxico
_93155
650 1 4 _aMonumentos históricos
_zMéxico
_93156
650 1 4 _aFotografía arquitectónica
_93157
651 4 _aMéxico
_xDescripción y viajes
_9103
700 1 _aTorre, Mario de la
_93158
700 1 _aNierman, Daniel
_93159
700 1 _aHorz de Vía, Elena
_9499
700 1 _aPérez de Salazar, Francisco
_93160
942 _2lcc
_cB
999 _c842
_d842